000 00583nam a2200193Ia 4500
005 20250508161005.0
008 008 250505s9999 xx 000 0 eng d
037 _aTextual
040 _aFEDL
_beng
_cFEDL
041 _aeng
_2eng
084 _a372.954, NAI
_qFEDL
100 _aNaik J P
245 0 _aElementary education in India: A promise to keep
245 0 _cIndian Council of Social Science Research
260 _aBombay, India
_bAllied Publishers Private Limited
_c1975
300 _a98p.
942 _cTEXL
_h372.954, NAI
999 _c1367795
_d1367795